000 01186nam a2200265 i 4500
001 185507
003 SpMaBN
005 20240408152335.0
008 160615s2000 sp ac |||| |dspa d
020 _a84-376-1837-1
080 _a821.133.1-1"18"(082.2)
245 0 0 _aAntología de la poesía romántica francesa /
_cedición bilingüe de Rosa de Diego.
260 _aMadrid :
_bCátedra,
_c[2000]
300 _a744 p. :
_bretr. ;
_c18 cm.
490 1 _aLetras universales ;
_v301
504 _aBibliografía: p. 155-161.
505 8 _aContiene: ;
_tAlphonse de Lamartine /
_rtraducción de Vicente Bastida. --
_tAlfred de Vigny /
_rtrad. de Miguel Ángel García Peinado. --
_tAlfred de Musset /
_rtrad. de Evelio Miñano. --
_tVictor Hugo /
_rtrad. de Pilar Andrade. --
_tGérard de Nerval /
_rtrad. de Javier del Prado
546 _aTextos en francés y traducción en español.
650 7 _aPoesía francesa-
_yS.XIX
_2
_9140650
650 4 _aRomanticismo (Literatura)-
_zFrancia.
_9154617
700 1 _aDiego, Rosa de.
_944552
830 0 _aLetras universales ;
_v301
_9178013
852 _aES-MaACL
_jL-30396
_z. - Donat. Miguel A. Velasco
999 _c185507
_d185507